000 00321nam a2200133Ia 4500
005 20251222155204.0
008 251222s9999||||xx |||||||||||||| ||spa||
082 _aEDUM.117
100 _aDr.GLENN LOZANO ZANELLY
245 0 _aSituación de salud del perú 2002
250 _aNo ed.
264 _bNo tiene
942 _cLIB
999 _c40027
_d40027